000 00317nam a22001337a 4500
008 181022b xxu||||| |||| 00| 0 eng d
020 _a9780805839784
041 _aeng
080 _a159.9
100 _a48
101 _aPSI
245 _aEmpirical Direction in Design and Analysis
_cAnderson,N.H
942 _2udc
_cBK
999 _c50468
_d50468